Steel-Type Pokemon Moves - Statistics

General Stats
  • This quiz has been taken 717 times
  • The average score is 12 of 19
Answer Stats
Category Description Move % Correct
Status Defense +2 Iron Defense
84%
Physical May cause flinch Iron Head
79%
Physical Priority +1, a Scizor specialty Bullet Punch
77%
Physical May raise user's attack +1; 50 power Metal Claw
77%
Physical Klink evolutionary line's signature move Gear Grind
76%
Status Aegislash's signature move King's Shield
75%
Special May lower Sp Defense -1 Flash Cannon
74%
Physical May lower Defense -1 Iron Tail
72%
Physical Power depends on target's and user's speed difference Gyro Ball
69%
Status Sp Defense -2 Metal Sound
69%
Physical Power depends on target's and user's weight difference Heavy Slam
68%
Special Jirachi's signature move Doom Desire
64%
Status Klink evolutionary line's signature move Shift Gear
61%
Physical May raise user's Attack +1; 90 power Meteor Mash
60%
Physical May raise user's Defense +1 Steel Wing
59%
Physical User inflicts x2 power on target that last hit it Metal Burst
47%
Status Speed +2 Autotomize
46%
Physical Never misses Magnet Bomb
40%
Special May lower Accuracy -1 Mirror Shot
38%
No matching quizzes found
Score Distribution
Percent of People with Each Score
Percentile by Number Answered
Your Score History
You have not taken this quiz